000 00840nam a2200253Ia 4500
003 OSt
005 20220923211151.0
006 a|||||r|||| 00| 0
007 ta
008 Pun
020 _a8187654163 (hbk)
_c390
024 _a280,807
037 _b812, 09/03/2014, H.K. Prakashan
_cTextual
040 _aARTS
_cARTS
_bPun
041 _2Pun
_aPun
082 _aO153,6x, Q3
100 _aਸਾਗੂ, ਹਰਬੰਸ ਕੌਰ
_9159046
245 0 _aਸਿੱਖ ਇਤਿਹਾਸ ਅਤੇ ਵਿਚਾਰਧਾਰਾ
260 _aਦਿੱਲੀ
_b ਮਨਪ੍ਰੀਤ ਪ੍ਰਕਾFਨ
_c2013
300 _a214ਪੰ
_ccm.
650 _aਪੰਜਾਬੀ ਸਾਹਿਤ
942 _hO153,6x, Q3
_cTEXL
_2CC
999 _c296255
_d296255